Náklady podniku a ich členenie

Členenie nákladov. Náklady podľa miesta vzniku. Náklady podľa zodpovednosti. Náklady z hľadiska rozhodovania. Tvorba nákladového systému. Využitie klasifikačných nákladových kritérií v nákladovom systéme.

Salvato in:
Dettagli Bibliografici
Autore principale: Poniščiaková, Oľga
Natura: Capitolo di libro
Lingua:slovacco
Soggetti:
Tags: Aggiungi Tag
Nessun Tag, puoi essere il primo ad aggiungerne!!

MARC

LEADER 00000naa$a2200000$$$4500
001 0108223
005 20231103071805.2
041 0 |a slo 
044 |a SK 
245 1 0 |a Náklady podniku a ich členenie  |c Oľga Poniščiaková 
520 |a Členenie nákladov. Náklady podľa miesta vzniku. Náklady podľa zodpovednosti. Náklady z hľadiska rozhodovania. Tvorba nákladového systému. Využitie klasifikačných nákladových kritérií v nákladovom systéme. 
610 2 0 |a náklady 
610 2 0 |a účtovníctvo manažérske 
610 2 0 |a kalkulácia nákladov 
610 2 0 |a výkony podnikové 
610 2 0 |a náklady fixné 
610 2 0 |a náklady variabilné 
610 2 0 |a náklady priame 
610 2 0 |a náklady nepriame 
100 1 |a Poniščiaková, Oľga